|
|
|
|
| LEADER |
00000nam a22000005u 4500 |
| 001 |
9780735424913 |
| 003 |
AIP Publishing |
| 005 |
20220825011335.0 |
| 007 |
cr mn |||mna|| |
| 008 |
220825t2022||||nyu||||gs 0|| 0|eng d |
| 020 |
|
|
|a 9780735424883
|q paperback
|
| 020 |
|
|
|a 9780735424890
|q epub
|
| 020 |
|
|
|a 9780735424906
|q epdf
|
| 024 |
7 |
0 |
|a 10.1063/9780735424913
|2 doi
|
| 050 |
0 |
0 |
|a 2022933918
|
| 072 |
|
7 |
|a SCI013080
|2 bisacsh
|
| 072 |
|
7 |
|a TEC010000
|2 bisacsh
|
| 100 |
1 |
|
|a Vallero, Daniel A.
|
| 245 |
1 |
1 |
|a Applications and Calculations in Environmental Physics, A
|c Daniel A. Vallero
|
| 260 |
|
|
|a Melville, New York
|b AIP Publishing
|c 2022
|
| 300 |
|
|
|a online resource (262 pages)
|
| 336 |
|
|
|a text
|b txt
|2 rdacontent
|
| 337 |
|
|
|a computer
|b c
|2 rdamedia
|
| 338 |
|
|
|a online resource
|b cr
|2 rdacarrier
|
| 505 |
0 |
|
|a Introduction — Environmental Health Physics — Role of Physics in Risk and Exposure Assessment — Physics of Pollution Control Technologies — Remediation Physics — Case Studies — The Future: The Physics of Emerging Technologies — Index.
|
| 520 |
3 |
|
|a Applications and Calculations in Environmental Physics addresses environmental pollution and its effects on human health and ecosystem conditions. It explores how all organisms respond to exposures to pollutants at the cellular level. The book describes in detail the science, engineering, and technologies needed to measure, remove, and treat pollutants and concludes with a forecast of some of the pollutants and problems that will emerge in the coming decades. This important book: -- Describes the role physics plays in all types of environmental scenarios including laws, theories and principles of thermodynamics, and fluid dynamics -- Addresses real-life problems and solutions for pollutants in the air, water, soil, or sediment, and in the human body and other organisms -- Includes discussions of pollutant and nutrient transport, transformation, fate, and cycling through myriad ecosystems at every scale Applications and Calculations in Environmental Physics is for professionals and researchers in environmental science, engineering, ecology, epidemiology, pharmacology, geology, land use planning, and soil science. Students and faculty and those interested in learning more about physical sciences such as physicians, attorneys, economists, and insurance auditors will also find it useful.
|
| 650 |
1 |
7 |
|a SCIENCE / Chemistry/Environmental (see also Environmental Science)
|2 bisacsh
|
| 650 |
2 |
7 |
|a TECHNOLOGY & ENGINEERING / Environmental/General
|2 bisacsh
|
| 776 |
1 |
8 |
|i Printed edition
|z 9780735424883
|
| 856 |
4 |
0 |
|u https://doi.org/10.1063/9780735424913
|